[Event "Challenge"]
[Site "http://www.queenalice.com/game.php?id=281487"]
[Date "2007.10.5"]
[Round "-"]
[White "valerie973"]
[Black "stephanie"]
[Result "0-1"]
[WhiteElo "1576"]
[BlackElo "1376"]

1. e3 d5 2. d4 Nf6 3. Nc3 Bf5 4. f3 e6 5. Bd3 Bg6 6. e4 c5 7. e5 cxd4 8. Nb5
Nfd7 9. f4 Nc6 10. f5 Bxf5 11. Nd6+ Bxd6 12. exd6 Qf6 13. Nf3 O-O 14. Bg5 Qg6
15. h4 h6 16. Be7 Qxg2 17. Rg1 Qh3 18. Bxf8 Kxf8 19. Bxf5 exf5 20. Qe2 Re8 21.
Qxe8+ Kxe8 22. Kf2 f4 23. Rxg7 Nf6 24. Rag1 Ne4+ 25. Ke1 Qxf3 26. Rg8+ Kd7 27.
R8g2 Ne5 28. Re2 Nc4 29. Kd1 Ne3+ 30. Ke1 Ng3 0-1

[Event "viva Echecs.m@t"]
[Site "http://www.queenalice.com/game.php?id=304720"]
[Date "2007.11.15"]
[Round "-"]
[White "Rafale2000"]
[Black "stephanie"]
[Result "0-1"]
[WhiteElo "1995"]
[BlackElo "1671"]

1. e4 d5 2. exd5 Qxd5 3. Nc3 Qa5 4. d4 c6 5. Bd2 Nf6 6. Nf3 Bg4 7. h3 Bh5 8. Qe2
e6 9. Ne4 Qc7 10. O-O-O Nbd7 11. g4 Bg6 12. Nxf6+ Nxf6 13. Ne5 O-O-O 14. Bf4 Bd6
15. Nxg6 Bxf4+ 16. Nxf4 Qxf4+ 17. Qe3 Nd5 18. Qxf4 Nxf4 19. c3 g5 20. Re1 h5 21.
f3 Kc7 22. Bc4 b5 23. Bf1 hxg4 24. fxg4 a5 25. a3 Kb6 26. Kc2 Rh4 27. b4 Rdh8
28. bxa5+ Kxa5 29. a4 bxa4 30. Re5+ Nd5 31. c4 f6 32. Rxe6 Nb4+ 33. Kc3 Rxg4 34.
Rxf6 a3 35. c5 Nd5+ 36. Kb3 Nxf6 0-1

[Event "viva Echecs.m@t"]
[Site "http://www.queenalice.com/game.php?id=304721"]
[Date "2007.11.15"]
[Round "-"]
[White "stephanie"]
[Black "Rafale2000"]
[Result "1-0"]
[WhiteElo "1720"]
[BlackElo "1943"]

1. d4 c5 2. d5 d6 3. c4 g6 4. Nc3 Bg7 5. e4 f5 6. Bd3 Nf6 7. exf5 Bxf5 8. Bxf5
gxf5 9. Nf3 Nbd7 10. Ng5 Nf8 11. O-O Qd7 12. Qe2 Ng6 13. Ne6 Kf7 14. Re1 Rag8
15. Qf3 Ne5 16. Qxf5 Nxc4 17. Ne4 Ke8 18. Nxg7+ Kf7 19. Ne6 Ne5 20. Nxf6 exf6
21. Rxe5 dxe5 22. Ng5+ Ke8 23. Qxd7+ Kxd7 24. Nf7 Rf8 25. Nxh8 Rxh8 26. Be3 Kd6
27. Rd1 b5 28. b3 a5 29. Kf1 Rc8 30. Ke2 c4 31. bxc4 Rxc4 32. Rd2 a4 33. Rb2 b4
34. Bd2 b3 35. axb3 axb3 36. Rxb3 Kxd5 37. Rb7 Rh4 38. h3 f5 39. f3 Rh5 40. Rb5+
Kd6 41. Bc3 f4 42. h4 Ke6 43. Kf2 Rf5 44. g3 fxg3+ 45. Kxg3 h5 46. Ra5 Kf6 47.
Ra6+ Kf7 48. Bb4 Rf4 49. Bd2 Rf5 50. Bg5 1-0

[Event "AUTO-INT-693"]
[Site "http://www.queenalice.com/game.php?id=308412"]
[Date "2007.11.22"]
[Round "1"]
[White "koshnarek"]
[Black "stephanie"]
[Result "0-1"]
[WhiteElo "1540"]
[BlackElo "1649"]

1. e4 d5 2. exd5 Qxd5 3. Nc3 Qa5 4. Qf3 Nf6 5. Ne4 Nc6 6. Nxf6+ exf6 7. Qe3+ Be7
8. c3 O-O 9. Bd3 Re8 10. b4 Qd5 11. Be4 Qd8 12. Ne2 f5 13. Bf3 Bxb4 14. Qf4 Bd6
15. Qa4 Bd7 16. O-O Ne5 17. Qf4 Nxf3+ 18. Qxf3 Bc6 19. Qd3 Bxh2+ 20. Kxh2 Qxd3
21. Re1 Rxe2 22. Rg1 Rxf2 23. a3 f4 24. Ra2 Qg3+ 25. Kh1 Qh3# 0-1

[Event "AUTO-INT-693"]
[Site "http://www.queenalice.com/game.php?id=308413"]
[Date "2007.11.22"]
[Round "1"]
[White "stephanie"]
[Black "koshnarek"]
[Result "1-0"]
[WhiteElo "1636"]
[BlackElo "1553"]

1. d4 e6 2. Nf3 Qf6 3. e4 b6 4. Bd3 Bb7 5. O-O d6 6. Nc3 a6 7. Bg5 Qg6 8. d5 e5
9. Qd2 f6 10. Be3 b5 11. Nh4 Qh5 12. g3 g5 13. Nf5 c5 14. dxc6 Bxc6 15. Be2 Qh3
16. Nxd6+ Bxd6 17. Qxd6 Qd7 18. Rfd1 Qxd6 19. Rxd6 h6 20. Bh5+ Ke7 21. Bc5 a5
22. Rad1 Bb7 23. Rb6# 1-0

[Event "AUTO-INT-693"]
[Site "http://www.queenalice.com/game.php?id=308424"]
[Date "2007.11.22"]
[Round "1"]
[White "jbudau"]
[Black "stephanie"]
[Result "0-1"]
[WhiteElo "1510"]
[BlackElo "1661"]

1. e4 d5 2. exd5 Qxd5 3. Nc3 Qa5 4. d3 c6 5. Bd2 Nf6 6. Nf3 Bg4 7. Be2 e6 8. O-O
Nbd7 9. Re1 Qc7 10. a3 Be7 11. Ne4 Nxe4 12. dxe4 Rd8 13. Qc1 O-O 14. c3 Bd6 15.
g3 Nc5 16. Qc2 h6 17. e5 Be7 18. Nd4 Bxe2 19. Rxe2 Nd7 20. f4 Nb6 21. b3 Qd7 22.
a4 Bc5 23. Be3 Nd5 24. Bf2 Nxc3 25. Rd2 Bxd4 26. Bxd4 Ne2+ 27. Rxe2 Qxd4+ 0-1

[Event "AUTO-INT-693"]
[Site "http://www.queenalice.com/game.php?id=308425"]
[Date "2007.11.22"]
[Round "1"]
[White "stephanie"]
[Black "jbudau"]
[Result "1-0"]
[WhiteElo "1624"]
[BlackElo "1522"]

1. d4 Nf6 2. Nf3 d6 3. c4 e6 4. Nc3 a6 5. Bg5 Be7 6. e3 Nfd7 7. Bxe7 Qxe7 8. Bd3
f5 9. O-O O-O 10. e4 fxe4 11. Nxe4 Nf6 12. Qc2 Nbd7 13. Neg5 g6 14. Rfe1 Nb6 15.
Nxe6 Bxe6 16. d5 Nfxd5 17. cxd5 Nxd5 18. Nd4 Rf6 19. Bc4 Nb4 20. Bxe6+ 1-0

[Event "AUTO-INT-693"]
[Site "http://www.queenalice.com/game.php?id=308430"]
[Date "2007.11.22"]
[Round "1"]
[White "pedrogarciass"]
[Black "stephanie"]
[Result "0-1"]
[WhiteElo "1749"]
[BlackElo "1553"]

1. e4 d5 2. e5 Bf5 3. Bb5+ Nd7 4. h3 e6 5. d4 c5 6. Be3 Rc8 7. Bxd7+ Qxd7 8. Nf3
Bxc2 9. Qxc2 cxd4 10. Qd3 dxe3 11. O-O exf2+ 12. Kh1 Bc5 13. Nbd2 Ne7 14. Rac1
O-O 15. Nb3 Bb6 16. Nfd4 Rxc1 17. Nxc1 Rc8 18. Ncb3 Nc6 19. Rxf2 Nxe5 20. Qb1
Rc4 21. Rd2 a5 22. Nf3 Nxf3 23. gxf3 Qc7 24. Qd3 a4 25. Kg2 axb3 26. Qxb3 Rc1
27. Rd1 Rc2+ 28. Kf1 Qh2 29. Qxb6 Qe2+ 0-1

[Event "AUTO-INT-693"]
[Site "http://www.queenalice.com/game.php?id=308431"]
[Date "2007.11.22"]
[Round "1"]
[White "stephanie"]
[Black "pedrogarciass"]
[Result "1-0"]
[WhiteElo "1603"]
[BlackElo "1734"]

1. d4 d5 2. Nf3 Bg4 3. Ne5 Be6 4. Bf4 f6 5. Nf3 Nc6 6. e3 Bg4 7. Bb5 Qd7 8. h3
Bxf3 9. Qxf3 a6 10. Ba4 b5 11. Bb3 e6 12. O-O Bd6 13. a4 b4 14. c4 bxc3 15. bxc3
Na5 16. Bc2 Nc4 17. Bxd6 Qxd6 18. e4 Ne7 19. exd5 Nxd5 20. Bd3 Na5 21. c4 Nb3
22. Bg6+ hxg6 23. Qxb3 Nf4 24. Qf3 Kf7 25. Nc3 Qxd4 26. Rad1 Nxh3+ 27. gxh3 Qa7
28. Rd7+ Kg8 29. Qg4 Qc5 30. Qxg6 Rf8 31. Qxg7# 1-0

[Event "romerov"]
[Site "http://www.queenalice.com/game.php?id=325108"]
[Date "2007.12.24"]
[Round "1"]
[White "stephanie"]
[Black "Hakkinen"]
[Result "1-0"]
[WhiteElo "1577"]
[BlackElo "1816"]

1. d4 d5 2. Nf3 Nf6 3. Bg5 Nc6 4. e3 Ne4 5. Bh4 Bg4 6. Nbd2 Nxd2 7. Qxd2 Bxf3 8.
gxf3 h6 9. Bb5 Qd6 10. Bg3 Qf6 11. Qa5 Qxf3 12. Qxc7 Qxh1+ 13. Ke2 Qxa1 14.
Bxc6+ bxc6 15. Qxc6+ Kd8 16. Bc7+ Kc8 17. Bb6+ 1-0

[Event "Challenge"]
[Site "http://www.queenalice.com/game.php?id=327872"]
[Date "2007.12.29"]
[Round "-"]
[White "stephanie"]
[Black "alterego"]
[Result "1-0"]
[WhiteElo "1700"]
[BlackElo "1792"]

1. d4 Nf6 2. Bg5 Ne4 3. Be3 g6 4. f3 Nf6 5. c4 Bg7 6. Nc3 O-O 7. Qd2 Nc6 8. Bf2
a5 9. e4 e5 10. Nge2 d6 11. d5 Nb4 12. Be3 c5 13. a3 Na6 14. g4 Bd7 15. h4 b6
16. Ng3 Nxg4 17. fxg4 Bxg4 18. Be2 Qd7 19. O-O-O Bxe2 20. Qxe2 Nc7 21. h5 Qe7
22. Qh2 Bf6 23. Rdg1 Bg5 24. Nf5 Bxe3+ 25. Nxe3 Kh8 26. hxg6 fxg6 27. Rxg6 Rf7
28. Nf5 Qd7 29. Rxd6 Qe8 30. Rh6 Qg8 31. d6 Qg5+ 32. Kb1 Qg8 33. dxc7 Rxc7 34.
Nd5 Rd7 35. Nf6 Qxc4 36. Nxd7 Qxe4+ 37. Ka1 Qxf5 38. Rxh7+ Qxh7 39. Qxh7# 1-0

[Event "España & ???"]
[Site "http://www.queenalice.com/game.php?id=334014"]
[Date "2008.1.10"]
[Round "-"]
[White "stephanie"]
[Black "AASFIGUEIREDO"]
[Result "1-0"]
[WhiteElo "1769"]
[BlackElo "1858"]

1. d4 d5 2. Nf3 Nf6 3. Bg5 e6 4. Nbd2 Be7 5. e3 Nbd7 6. Bd3 c5 7. c3 b6 8. O-O
O-O 9. Ne5 Nxe5 10. dxe5 Nd7 11. Bxe7 Qxe7 12. f4 f6 13. Qh5 f5 14. Rf3 g6 15.
Rg3 Rf7 16. Nf3 Rg7 17. Qh6 c4 18. Be2 Nc5 19. Ng5 Ne4 20. Nxe4 fxe4 21. h4 Bd7
22. h5 gxh5 23. Rxg7+ Qxg7 24. Qxg7+ Kxg7 25. Bxh5 Be8 26. Bg4 Kf7 27. Kf2 Ke7
28. Rh1 Bg6 29. Bh5 Bxh5 30. Rxh5 Rh8 31. Rh6 a5 32. g4 Kf7 33. Kg3 1-0

[Event "romerov"]
[Site "http://www.queenalice.com/game.php?id=343331"]
[Date "2008.1.26"]
[Round "2"]
[White "romerov"]
[Black "stephanie"]
[Result "1-0"]
[WhiteElo "1881"]
[BlackElo "1781"]

1. d4 d5 2. c4 c6 3. Nf3 Nf6 4. g3 Bf5 5. Bg2 e6 6. O-O Nbd7 7. cxd5 exd5 8. Nc3
Bd6 9. Bg5 h6 10. Be3 O-O 11. Rc1 Re8 12. h3 Nb6 13. b3 Ba3 14. Rc2 Bxc2 15.
Qxc2 Bd6 16. Bc1 a5 17. a4 Qe7 18. e3 Ne4 19. Bb2 Nd7 20. Rd1 f5 21. Nd2 Ndf6
22. Nf3 Nxc3 23. Bxc3 Ne4 24. Bb2 Rf8 25. Qd3 1-0

[Event "AUTO-ADV-830"]
[Site "http://www.queenalice.com/game.php?id=368691"]
[Date "2008.3.10"]
[Round "1"]
[White "gmoney1970"]
[Black "stephanie"]
[Result "1-0"]
[WhiteElo "1712"]
[BlackElo "1786"]

1. e3 d5 2. b3 Bf5 3. Bb2 e6 4. g4 Be4 5. f3 Qh4+ 6. Ke2 Bg6 7. Nc3 Nc6 8. d4
Bd6 9. Qe1 Qe7 10. Rc1 h5 11. Nb5 hxg4 12. fxg4 Rxh2+ 13. Rxh2 Bxh2 14. Nf3 Bd6
15. c4 a6 16. Nxd6+ Qxd6 17. c5 Qe7 18. Qh4 O-O-O 19. b4 Nxb4 20. Qxe7 Nxe7 21.
a3 Nbc6 22. Ne5 1-0

[Event "AUTO-ADV-830"]
[Site "http://www.queenalice.com/game.php?id=368692"]
[Date "2008.3.10"]
[Round "1"]
[White "stephanie"]
[Black "gmoney1970"]
[Result "0-1"]
[WhiteElo "1807"]
[BlackElo "1691"]

1. d4 e6 2. e4 Qh4 3. Nc3 c5 4. Nf3 Qe7 5. d5 d6 6. Bc4 a6 7. a4 b6 8. O-O Bb7
9. e5 dxe5 10. dxe6 fxe6 11. Nxe5 g6 12. Re1 Bh6 13. Bxh6 Nxh6 14. Nxg6 Qg5 15.
Rxe6+ Kf7 16. Nxh8+ Kg7 17. g3 Kxh8 18. Re8+ Kg7 19. Qd6 Qg6 0-1

[Event "AUTO-ADV-830"]
[Site "http://www.queenalice.com/game.php?id=368707"]
[Date "2008.3.10"]
[Round "1"]
[White "alvarogoulart"]
[Black "stephanie"]
[Result "1-0"]
[WhiteElo "1883"]
[BlackElo "1755"]

1. e4 Nc6 2. Bb5 e5 3. Nf3 a6 4. Bxc6 dxc6 5. d3 Bd6 6. Nc3 Nf6 7. Bg5 Bg4 8. h3
Bh5 9. g4 Bg6 10. Nh4 Qe7 11. Nxg6 hxg6 12. d4 O-O-O 13. d5 Bb4 14. a3 Bxc3+ 15.
bxc3 cxd5 16. exd5 Qc5 17. Be3 Qxc3+ 18. Bd2 Qd4 19. Bg5 Qe4+ 20. Qe2 Qxh1+ 21.
Qf1 1-0

[Event "AUTO-ADV-830"]
[Site "http://www.queenalice.com/game.php?id=368708"]
[Date "2008.3.10"]
[Round "1"]
[White "stephanie"]
[Black "alvarogoulart"]
[Result "0-1"]
[WhiteElo "1767"]
[BlackElo "1871"]

1. d4 d5 2. Nf3 Nc6 3. Bf4 Bg4 4. e3 e6 5. Nbd2 Bb4 6. c3 Ba5 7. Qa4 Ne7 8. Ne5
Bf5 9. Bb5 O-O 10. Bxc6 Nxc6 11. Nxc6 bxc6 12. Qxa5 Qf6 13. O-O Qg6 14. Qxc7 Bh3
15. Bg3 Bf5 16. Nf3 Be4 17. Nh4 Qg5 18. Qe5 Qxe5 19. Bxe5 f6 20. Bd6 Rfd8 21.
Bg3 g5 22. Nf3 Bxf3 23. gxf3 h5 24. h3 h4 0-1

[Event "AUTO-ADV-830"]
[Site "http://www.queenalice.com/game.php?id=368717"]
[Date "2008.3.10"]
[Round "1"]
[White "MadScot"]
[Black "stephanie"]
[Result "1-0"]
[WhiteElo "1813"]
[BlackElo "1726"]

1. e4 d5 2. exd5 Qxd5 3. Nc3 Qa5 4. d4 c6 5. Nf3 Nf6 6. Ne5 Bf5 7. Bc4 e6 8. g4
Be4 9. O-O Bd5 10. Bd3 h6 11. f4 Bb4 12. Nxd5 Nxd5 13. f5 Nd7 14. Nxd7 Kxd7 15.
fxe6+ fxe6 16. Rf7+ Kc8 17. Rxg7 1-0

[Event "AUTO-ADV-830"]
[Site "http://www.queenalice.com/game.php?id=368718"]
[Date "2008.3.10"]
[Round "1"]
[White "stephanie"]
[Black "MadScot"]
[Result "1-0"]
[WhiteElo "1789"]
[BlackElo "1846"]

1. d4 d5 2. Nf3 Nf6 3. Bg5 h6 4. Bh4 Ne4 5. e3 g5 6. Bg3 Nxg3 7. hxg3 Bf5 8. c4
e6 9. Qb3 b6 10. Nc3 c5 11. cxd5 cxd4 12. Nxd4 Bg6 13. dxe6 fxe6 14. Qxe6+ 1-0

[Event "Echecs.m@t Part2"]
[Site "http://www.queenalice.com/game.php?id=381085"]
[Date "2008.4.2"]
[Round "1"]
[White "chouia"]
[Black "stephanie"]
[Result "1-0"]
[WhiteElo "1704"]
[BlackElo "1744"]

1. d4 d5 2. Nf3 Nf6 3. Bf4 Bf5 4. e3 e6 5. Ne5 Nbd7 6. Nxd7 Qxd7 7. a4 Bd6 8.
Bxd6 Qxd6 9. c3 O-O 10. Nd2 c5 11. Be2 Rfe8 12. Nf3 h6 13. Ne5 1-0